000 00244nam a2200097Ia 4500
008 170619s9999 xx 000 0 und d
100 _aStallings- William
245 0 _aCryptography and Network Security
260 _bSingapore; Pearson
260 _c2004
546 _aENGLISH
999 _c17268
_d17268